| 000 | 00458nam a22001697a 4500 | ||
|---|---|---|---|
| 003 | OSt | ||
| 005 | 20251021035541.0 | ||
| 008 | 251021b |||||||| |||| 00| 0 eng d | ||
| 020 | _a 0-375-72734-5 | ||
| 040 |
_aDWCL-Main lib _cOC |
||
| 082 | _aFic. F 1999 | ||
| 100 | _aDubus, Andre lll | ||
| 245 |
_aHouse of sand and fog/ _cAndre Dubus lll |
||
| 260 |
_aNew York : _bVintage Books, _cc1999 |
||
| 300 |
_a365 p. : _c20 cm. |
||
| 942 |
_2ddc _cFIC. _kFic. _n0 |
||
| 999 |
_c4964 _d4964 |
||